Stadien Fußball-Bundesliga 2025/26 - Statistiken

Allgemein
  • Dieses Quiz wurde 186 mal gespielt
  • Das Durchschnittsergebnis liegt bei 12 aus 18
Antwortstatistiken
Plätze Stadt Stadionname % Korrekt
75.024 München Allianz-Arena
99%
81.365 Dortmund Signal-Iduna-Park
94%
47.069 Leipzig Red Bull Arena
80%
30.210 Leverkusen BayArena
77%
57.000 Hamburg Volksparkstadion
77%
58.000 Frankfurt am Main Deutsche Bank Park
75%
42.100 Bremen Weserstadion
74%
34.700 Freiburg Europa-Park Stadion
72%
29.546 Hamburg Millerntor-Stadion
68%
28.917 Wolfsburg Volkswagen Arena
68%
54.057 Mönchengladbach Borussia-Park
62%
50.000 Köln RheinEnergieStadion
62%
60.441 Stuttgart MHP-Arena
59%
33.305 Mainz MEWA Arena
55%
30.660 Augsburg WWK-Arena
54%
30.150 Sinsheim PreZero Arena
50%
15.000 Heidenheim Voith-Arena
38%
22.012 Berlin An der alten Försterei
30%
Keine übereinstimmenden Quizze gefunden
Verteilung der Resultate
Anzahl Personen mit jedem Resultat
Perzentil nach korrekt beantworteten Fragen
Ihre Resultats-Entwicklung
Sie haben dieses Quiz noch nicht gespielt